Campanya institucional informativa sobre els Parcs Naturals de la Diputació de Barcelona : maig - juny 1987 : Parc Natural del Montseny, Parc Natural de Sant LLorenç del Munt i l'Obac, Parc comarcal de Montesquiu, Parc Natural del Garraf, Parc Natural del Montnegre maig - juny 1987 :
Descripción Física:
[12] fulls solts : il. ; 31 cm
MARC
| LEADER | 00000nam a2200000Ia 4500 | ||
|---|---|---|---|
| 001 | 12797 | ||
| 008 | 160829s9999 xx 000 0 cat d | ||
| 080 | |a FU-28-34 | ||
| 245 | |a Campanya institucional informativa sobre els Parcs Naturals de la Diputació de Barcelona : |b maig - juny 1987 : |b Parc Natural del Montseny, Parc Natural de Sant LLorenç del Munt i l'Obac, Parc comarcal de Montesquiu, Parc Natural del Garraf, Parc Natural del Montnegre | ||
| 260 | |a Barcelona : |b Diputació de Barcelona, [1987?] | ||
| 300 | |a [12] fulls solts : |b il. ; |c 31 cm | ||
| 610 | 0 | |a Barcelona (Catalunya : Província). |b Servei de Parcs Naturals |9 53492 | |
| 650 | 0 | |a Espais naturals |z Barcelona (Província) |9 40638 | |
| 901 | |a Arxiu | ||
| 942 | |n 1 | ||
| 952 | |0 0 |1 0 |4 0 |6 FU2834 |7 1 |9 41799 |a Arxiu |b Arxiu |d 2016-12-01 |l 0 |o FU-28-34 |p 12797 |r 2016-12-01 00:00:00 |w 2016-12-01 |y ARXIU | ||
| 999 | |c 43691 |d 43691 | ||